[Event "Rostov on Don rapid GP Stage 28th"]
[Site "Rostov on Don"]
[Date "2021.10.29"]
[Round "6"]
[White "Vorobiov, Alexander V"]
[Black "Saidov, Bilukhadzh"]
[Result "0-1"]
[WhiteElo "2205"]
[BlackElo "2301"]
[PlyCount "59"]
[EventDate "2021.10.29"]
[EventType "swiss"]
[EventRounds "11"]
[EventCountry "RUS"]
[SourceTitle "CBM 204 Extra"]
[Source "ChessBase"]
[SourceDate "2021.11.30"]
[SourceVersion "1"]
[SourceVersionDate "2021.11.30"]
[SourceQuality "1"]

1. e4 g6 2. d4 Bg7 3. Nf3 d6 4. Nc3 a6 5. Bc4 e6 6. Bg5 Ne7 7. a4 b6 8. 0-0 h6 9. Bd2 Nd7 10. Re1 g5 11. h3 Ng6 12. Ne2 Bf6 13. d5 Nde5 14. Nxe5 Bxe5 15. c3 h5 16. Nd4 Qf6 17. Qf3 Nf4 18. Bxf4 gxf4 19. Rad1 Bd7 20. Rd2 Ke7 21. Kh1 Qg7 22. b3 Rh6 23. Bf1 Qf6 24. Qd3 b5 25. Ra2 b4 26. Rc2 f3 27. Nxf3 Bxc3 28. e5 Qg6 29. exd6+ cxd6 30. Rxc3 0-1

[Event "Azov Ivanov Memorial-B"]
[Site "Azov"]
[Date "2006.12.??"]
[Round "3"]
[White "Vorobiov, Alexander V"]
[Black "Gutsko, Nikolai"]
[Result "1/2-1/2"]
[WhiteElo "2308"]
[BlackElo "2180"]
[PlyCount "77"]
[EventDate "2006.12.10"]
[EventType "tourn"]
[EventRounds "17"]
[EventCountry "RUS"]
[SourceTitle "EXT 2019"]
[Source "ChessBase"]
[SourceDate "2018.10.10"]
[SourceVersion "1"]
[SourceVersionDate "2018.10.10"]
[SourceQuality "1"]

1. e4 c5 2. Nf3 d6 3. d4 Nf6 4. Nc3 cxd4 5. Nxd4 Nc6 6. Bg5 e6 7. Qd2 a6 8. 0-0-0 Bd7 9. f4 b5 10. e5 dxe5 11. Nxc6 Bxc6 12. fxe5 Qxd2+ 13. Rxd2 Ng4 14. Bf4 Bc5 15. Nd1 Rd8 16. h3 Rxd2 17. Kxd2 Nf2 18. Nxf2 Bxf2 19. Be2 Ke7 20. Bf3 Rc8 21. c3 Bd5 22. Rf1 Bxf3 23. gxf3 Bb6 24. Be3 Rd8+ 25. Ke2 Bxe3 26. Kxe3 Rd5 27. f4 f6 28. exf6+ Kxf6 29. Rf2 Rd1 30. b3 Rh1 31. c4 bxc4 32. bxc4 Rxh3+ 33. Kd4 Rh1 34. Rc2 Ke7 35. Rb2 Rf1 36. Ke5 Re1+ 37. Kd4 Rf1 38. Ke5 Re1+ 39. Kd4 1/2-1/2

[Event "Azov Ivanov Memorial-B"]
[Site "Azov"]
[Date "2006.12.??"]
[Round "1"]
[White "Vorobiov, Alexander V"]
[Black "Khalukov, Yury"]
[Result "0-1"]
[WhiteElo "2308"]
[BlackElo "2297"]
[PlyCount "74"]
[EventDate "2006.12.10"]
[EventType "tourn"]
[EventRounds "17"]
[EventCountry "RUS"]
[SourceTitle "EXT 2019"]
[Source "ChessBase"]
[SourceDate "2018.10.10"]
[SourceVersion "1"]
[SourceVersionDate "2018.10.10"]
[SourceQuality "1"]

1. c4 e5 2. Nc3 Nf6 3. Nf3 e4 4. Ng5 b5 5. d3 exd3 6. cxb5 h6 7. Nf3 dxe2 8. Bxe2 Be7 9. 0-0 0-0 10. Bf4 Bb7 11. Rc1 a6 12. Qb3 d6 13. Rfe1 Nbd7 14. Nd4 Nc5 15. Qc2 axb5 16. Bxb5 Nh5 17. Bd2 Bg5 18. Bc6 Bxd2 19. Qxd2 Bxc6 20. Nxc6 Qd7 21. Nd4 Qg4 22. Qe2 Qxd4 23. Qxh5 Nd3 24. Qf3 Nxc1 25. Rxc1 Rab8 26. b3 Rfe8 27. h3 Qd2 28. Rd1 Re1+ 29. Rxe1 Qxe1+ 30. Kh2 Re8 31. a4 Re5 32. Nd5 Qe4 33. Qxe4 Rxe4 34. Nxc7 Rb4 35. a5 Rxb3 36. a6 Ra3 37. Kg1 Kf8 0-1